01193cam a2200217 i 4500999001700000020001800017041001300035082002100048245015800069250001900227260004200246300005100288504005100339520034400390546001200734650003500746700003000781700002100811942001200832952013100844 c37424d37424 a9781032011950 aEnglish.00a614.592414bCOV-00aCOVID-19 and SARS-CoV-2 :bthe science and clinical application of conventional and complementary treatments /cedited by Srijan Goswami, Chiranjeeb Dey. aFirst edition. aLondon , New York:bCRC Press,c2022. axvi, 269 pages :billustrations (some color) ; aIncludes bibliographical references and index. a"Explores fundamental concepts of SARS-CoV-2 and COVID - 19 as well as delves into common Public Health-related issues of the latest basic science and clinical content. Readers will get the fundamental knowledge about the SARS-COV-2, its structure and functions, epidemiology, diagnosis, and both conventional and integrative treatments"-- aEnglish 0aCOVID-19 (Disease)xTreatment.1 aGoswami, Srijan,eeditor.1 aDey, Chiranjeeb, 2ddccBK 00104070aNASSDOCbNASSDOCd2023-03-16eOverseasg0.00l0o614.592414 COV-p53018r2023-04-21 00:00:00v0.00w2023-04-21yBK